[Event "27th CRO-chT 1B-Men 2018"]
[Site "Biograd"]
[Date "2018.09.21"]
[Round "6.9"]
[White "Dabo-Peranic, Robert"]
[Black "Mufic, Goran"]
[Result "1-0"]
[WhiteElo "2284"]
[BlackElo "2254"]
[Annotator "TA"]
[PlyCount "61"]
[EventDate "2018.09.15"]
[EventType "team-tourn"]
[EventCountry "CRO"]
[SourceTitle "playchess.com"]
[Source "ChessBase"]
[SourceQuality "1"]

{[%evp 13,61,25,43,45,52,50,42,38,52,50,50,49,48,55,51,54,47,38,58,57,60,53,70,60,78,77,87,80,118,119,129,110,119,116,137,143,212,210,251,169,166,177,211,238,240,195,730,714,825,835]} 1. d4 d5 2. c4 e6 3. Nf3 c6 4. Nc3 Nf6 5. g3 Nbd7 6. Bg2 b6 {E01: Catalan: Early deviations} (6... Be7 7. Qd3 b6 8. O-O Ba6 9. b3 O-O 10. Rd1 Rc8 11. e4 dxe4 12. Nxe4 b5 13. Ned2 bxc4 14. Nxc4 c5 15. Bb2 cxd4 16. Nxd4 Ne5 17. Qe3 Nxc4 18. bxc4 Qb6 19. Rab1 Rxc4 20. Ba3 {½-½ (20) Vitiugov,N (2724)-Fedoseev,V (2658) Moscow 2017}) 7. O-O Bb7 {LiveBook: 12 Games} 8. Nd2 Be7 {White is slightly better.} 9. e4 dxe4 10. Ndxe4 Nxe4 11. Nxe4 Nf6 12. Be3 O-O 13. Qc2 Rc8 $146 ({Predecessor:} 13... Qd7 14. Rfd1 Rfd8 15. c5 h6 16. Nxf6+ Bxf6 17. Rab1 Qe7 18. b4 e5 {½-½ (32) Rostgaard,T (2198)-Rendboe,J (2242) Denmark 2012}) 14. Rfd1 Rc7 15. a4 Qc8 16. Bf4 $36 {[%mdl 2048] White is more active.} Rd7 17. c5 Nxe4 18. Bxe4 g6 19. Rd2 Rfd8 20. Rad1 bxc5 21. dxc5 Rxd2 22. Rxd2 Rxd2 23. Bxd2 Qd7 24. b4 {[%cal Bb2b4,Bb4b5][%mdl 32]} Ba6 {[#]} (24... a6 $16 25. Qd3 Qxd3 26. Bxd3 Kg7) 25. Be3 $1 $18 Kf8 26. Kg2 f5 27. Bf3 {Strongly threatening Qb2.} Bf6 {[#]} 28. b5 $1 {[%mdl 512]} Bb7 (28... cxb5 29. c6) 29. a5 {[%cal Ba4a5,Ba5a6][%mdl 32]} e5 $2 (29... a6) 30. a6 e4 31. Be2 {Precision: White = 85%, Black = 41%.} 1-0

[Event "27th CRO-chT 1B-Men 2018"]
[Site "Biograd"]
[Date "2018.09.20"]
[Round "6.10"]
[White "Doric, Nenad"]
[Black "Martic, Zlatko"]
[Result "1/2-1/2"]
[WhiteElo "2249"]
[BlackElo "2244"]
[Annotator "TA"]
[PlyCount "46"]
[EventDate "2018.09.15"]
[EventType "team-tourn"]
[EventCountry "CRO"]
[SourceTitle "playchess.com"]
[Source "ChessBase"]
[SourceQuality "1"]

{[%evp 32,33,24,0]} 1. e4 e5 2. Nf3 Nc6 3. Bb5 a6 4. Ba4 Nf6 5. O-O Be7 6. Re1 b5 7. Bb3 d6 8. c3 O-O 9. h3 Nb8 10. d4 Nbd7 11. Nbd2 Bb7 12. Bc2 Re8 13. Nf1 Bf8 14. Ng3 g6 15. a4 c6 {C95: Closed Ruy Lopez: Breyer Variation with 10 d4} (15... Nb6 16. axb5 axb5 17. Bg5 Bg7 18. Bd3 Rxa1 19. Qxa1 c6 20. Be3 Qc7 21. dxe5 dxe5 22. Qc1 Bc8 23. Qc2 {½-½ (32) Anand,V (2767)-Carlsen,M (2834) Wijk aan Zee 2018}) 16. b3 Qc7 17. Bb2 {[#] LiveBook: 13 Games} {Predecessor:} Bg7 $146 18. Bd3 Rad8 19. Qc2 d5 20. dxe5 Nxe4 21. Nxe4 dxe4 22. Bxe4 bxa4 23. bxa4 Nxe5 {½-½ (32) Delorme,A (2488)-Dvirnyy,D (2574) Catalunya 2014} 1/2-1/2

[Event "27th CRO-chT 1B-Men 2018"]
[Site "Biograd"]
[Date "2018.09.21"]
[Round "6.11"]
[White "Rubil, Marko"]
[Black "Tomulic, Teo"]
[Result "0-1"]
[WhiteElo "2201"]
[BlackElo "2264"]
[Annotator "TA"]
[PlyCount "110"]
[EventDate "2018.09.15"]
[EventType "team-tourn"]
[EventCountry "CRO"]
[SourceTitle "playchess.com"]
[Source "ChessBase"]
[SourceQuality "1"]

{[%evp 12,110,22,20,47,20,31,0,5,-9,-21,-74,-70,-74,-65,-100,-91,-172,-170,-266,-261,-255,-225,-193,-196,-209,-200,-201,-185,-187,-186,-182,-153,-216,-203,-221,-215,-229,-229,-351,-341,-334,-343,-381,-370,-360,-349,-318,-100,-100,-100,-100,-107,-102,-106,-83,-12,-64,-62,-193,-172,-191,-172,-392,-392,-326,-317,-716,-716,-709,-709,-709,-679,-570,-633,-631,-550,-513,-492,-438,-249,-249,-249,-249,-249,-702,-702,-29974,-29975,-29974,-29976,-29972,-29973,-29990,-29991,-29997,-29989,-29989,-29990,-29997,-29998]} 1. e4 c5 2. Nf3 e6 3. d4 cxd4 4. Nxd4 a6 5. g3 d5 6. Nb3 {B41: Sicilian: Kan Variation: 5 c4} Nf6 7. exd5 {LiveBook: 4 Games} Nxd5 $146 ({Predecessor:} 7... exd5 8. Bg2 Bg4 9. Qd3 Nc6 10. O-O Be7 11. Nc3 O-O 12. Nxd5 Nxd5 13. Qxd5 Qxd5 14. Bxd5 {½-½ (61) Zherebukh,Y (2636)-Bykhovsky,A (2496) chess.com INT 2018}) 8. c4 {White is slightly better.} (8. Qe2 {looks sharper.} Bb4+ 9. c3 Be7 10. Bg2 Nc6 11. O-O) 8... Nb4 9. Qxd8+ (9. Nc3 {is interesting.} Qxd1+ 10. Kxd1 Nd7 11. Be3 Nc6 12. Kc2) 9... Kxd8 10. Na3 N8c6 11. Be2 (11. Bg2 $11 {remains equal.}) 11... e5 $17 12. O-O Kc7 13. f4 Nd4 14. Bd1 (14. Nxd4 $17 exd4 15. Bd2) 14... Bh3 $19 15. Re1 (15. fxe5 {might work better.} Bxf1 16. Nxd4) 15... Nd3 16. Re4 f5 17. Rxd4 exd4 18. Nc2 Nxc1 19. Nxc1 Rd8 20. Nd3 Be7 21. Nce1 Bf6 22. Nf3 (22. Nf2 $17) 22... Rhe8 23. Nfe5 g5 24. Nf7 {[#]} Rd7 $1 {[%cal Rd7f7]} 25. Nxg5 (25. Nfe5 $142 Rg7 26. Bh5) 25... Re3 {White must now prevent ...Bxg5.} 26. Nxh3 {Nhf2 is the strong threat.} Rxd3 27. Bc2 Rd2 28. Bxf5 Re7 ({And not} 28... Rxb2 29. Bxd7 Kxd7 30. Nf2 $11) 29. Nf2 {With the idea Ne4.} Ree2 $2 ({Less strong is} 29... Rxb2 30. Nd3 $17) (29... d3 $19 30. Ne4 Bd4+ 31. Kh1 Re2) 30. Ne4 $17 Rg2+ 31. Kf1 Rxh2 {[%cal Rh2h1]} 32. Nxd2 Rh1+ 33. Ke2 d3+ (33... Rxa1 $17 34. Bxh7 {[#]} d3+ $1 {[%mdl 512]} 35. Bxd3 Rxa2) 34. Bxd3 ({White should play} 34. Kxd3 $11 Rxa1 35. b3) 34... Rxa1 $15 35. Bxh7 (35. b3 $1 $15) 35... Rxa2 $11 {[%mdl 4096] Endgame KRB-KBN} ({Don't play} 35... Bxb2 36. a4 $17) 36. g4 Rxb2 37. Kd3 $2 (37. g5 Bh8 38. Kd1) 37... a5 $19 {[%cal Ba6a5,Ba5a4][%mdl 32]} 38. g5 Bh8 39. f5 $2 (39. Ke3) 39... a4 {Threatens to win with ...a3.} 40. c5 a3 {And now ...a2 would win.} 41. Bg8 a2 42. Bxa2 Rxa2 43. f6 Kd7 44. Nf3 Ke6 45. Ke4 Ra5 (45... Re2+ $142 46. Kf4 Ra2) 46. Nd4+ Kf7 47. Kd5 {If White can now play Nf5 this consolidates a bit.} b6 48. Nb3 $2 (48. Ne6 Kg6 49. Kc6 bxc5 50. Nxc5) 48... Ra3 49. cxb6 Rxb3 {Black mates.} 50. Kc6 Ke8 51. Kc7 Rc3+ 52. Kb8 Kd7 53. b7 Rb3 54. f7 Bg7 55. g6 Ra3 {Precision: White = 37%, Black = 68%.} 0-1

[Event "27th CRO-chT 1B-Men 2018"]
[Site "Biograd"]
[Date "2018.09.21"]
[Round "6.12"]
[White "Safar, Sandro"]
[Black "Matanovic, Luka"]
[Result "1/2-1/2"]
[WhiteElo "2214"]
[BlackElo "2252"]
[Annotator "TA"]
[PlyCount "48"]
[EventDate "2018.09.15"]
[EventType "team-tourn"]
[EventCountry "CRO"]
[SourceTitle "playchess.com"]
[Source "ChessBase"]
[SourceQuality "1"]

{[%evp 17,48,55,50,52,44,33,79,55,55,55,55,26,27,25,41,30,39,33,28,15,27,20,22,-27,-25,-13,-17,-20,-20,-11,0,-30,24]} 1. d4 d5 2. Bf4 Nf6 3. e3 c5 4. c3 Nc6 5. Nd2 cxd4 6. exd4 Bg4 7. Ngf3 e6 {B13: Caro-Kann (Abtausch-Variante 4.c4)} 8. Qb3 Qb6 (8... Bd6 9. Qxb7 O-O 10. Bg3 Rc8 11. Bd3 Bxg3 12. hxg3 Qd6 13. Qa6 Rb8 14. Nb3 Rb6 15. Qa4 {1-0 (25) Eljanov,P (2707)-Hammer,J (2629) Palma de Mallorca 2017}) 9. Qxb6 axb6 {LiveBook: 3 Partien. Weiß steht etwas besser.} 10. Bb5 Nd7 11. O-O f6 12. Rfe1 g5 $146 ({Vorgänger:} 12... Kf7 13. Re3 g5 14. Bg3 Bh6 15. a3 {1-0 (75) Fuksikova,I (1620)-Horakova,D (2120) Prerov 1995}) 13. Bg3 Kf7 14. a4 Be7 15. h3 Bf5 16. Nf1 Be4 17. N3d2 Bg6 18. f4 (18. h4 {seems wilder.} h6 19. f4 gxf4 20. Bxf4 e5 21. Be3) 18... gxf4 19. Bxf4 e5 20. Bxc6 (20. Ne3 {feels hotter.} exf4 21. Nxd5 Bf8 22. Nc4 Bc2 23. b4) 20... bxc6 21. dxe5 fxe5 22. Bxe5 Nxe5 23. Rxe5 Bf6 24. Re2 Bc2 {Precision: Weiß = 53%, Schwarz = 75%.} ({Günstiger ist} 24... Rhe8 25. Rf2 Kg7) 1/2-1/2

[Event "27th CRO-chT 1B-Men 2018"]
[Site "Biograd"]
[Date "2018.09.21"]
[Round "6.13"]
[White "Livaic, Leon"]
[Black "Medvegy, Zoltan"]
[Result "1/2-1/2"]
[WhiteElo "2483"]
[BlackElo "2543"]
[Annotator "TA"]
[PlyCount "104"]
[EventDate "2018.09.15"]
[EventType "team-tourn"]
[EventCountry "CRO"]
[SourceTitle "playchess.com"]
[Source "ChessBase"]
[SourceQuality "1"]

{[%evp 25,104,0,0,0,0,0,0,0,0,-8,-8,-8,0,-15,-6,-14,0,-8,0,-12,-12,-16,0,-15,-10,0,-6,-17,-20,-22,0,0,0,0,0,0,0,0,0,0,0,0,0,0,0,-4,-2,-8,0,-11,0,-11,-14,-14,0,-7,0,0,0,-16,-8,-361,0,0,0,0,0,-12,0,-8,0,0,0,0,0,0,0,0,0,0,0]} 1. d4 Nf6 2. c4 e6 3. Nf3 d5 4. Nc3 Be7 5. Bg5 O-O 6. e3 h6 7. Bh4 b6 8. Be2 dxc4 9. Bxc4 Bb7 10. Qe2 Ne4 11. Bxe7 Qxe7 12. Nxe4 Bxe4 13. O-O Nd7 {LiveBook: 4 Games} 14. Rfd1 {D58: Queen's Gambit Declined: Tartakower Defence} (14. Bd3 Bxd3 15. Qxd3 c5 16. Qa3 Rfd8 17. Rfd1 Kf8 18. Rac1 cxd4 19. Qxe7+ Kxe7 20. Nxd4 Rdc8 21. Kf1 g6 {0-1 (59) Aranha Filho,A (2355)-Garcia Pantoja,R (2500) Medellin 2017}) 14... c5 15. Bb5 Bxf3 $146 ({Predecessor:} 15... Rad8 16. Rac1 Bxf3 17. Qxf3 Nf6 18. dxc5 Rxd1+ 19. Qxd1 bxc5 20. Qc2 {1-0 (30) Ac,M (2240)-Veselsky,J (2205) Slovakia 2004}) 16. Qxf3 {[#] aiming for Qb7.} Nf6 $1 17. Bf1 Rac8 18. dxc5 Qxc5 19. Qe2 Rfd8 20. g3 Kf8 21. a3 g6 22. h3 Kg7 23. Bg2 h5 24. Rxd8 Rxd8 25. Rd1 Rc8 26. Qd2 Qc2 27. Kf1 Qb3 28. Rc1 $1 {[%cal Rc1c8]} Rxc1+ 29. Qxc1 Nd7 30. Bf3 Nc5 31. Bd1 Qd5 32. Kg1 e5 33. Bc2 h4 34. Qd1 (34. gxh4 {is interesting.} Qc4 35. h5 gxh5 36. Qd1 e4 37. Qxh5 Qxc2 38. Qg5+) 34... Qxd1+ 35. Bxd1 hxg3 36. fxg3 $11 {[%mdl 4096] Endgame KB-KN} f5 37. Bc2 Kf6 38. Kf2 e4 39. Ke2 Ke5 40. b4 Nb7 41. Kd2 Nd6 42. Kc3 Nb5+ 43. Kb3 $2 {[%mdl 8192] [#]} (43. Kb2 $1 $11 {and White is okay.}) 43... g5 $2 (43... Nd4+ $1 $19 44. exd4+ Kxd4) 44. Bd1 {The position is equal.} Nc7 45. Kc3 Nb5+ 46. Kb3 Nc7 {...Nd5 is the strong threat.} 47. Kc3 Nd5+ 48. Kd2 Nf6 49. h4 g4 50. Ke2 Nd5 51. Kd2 Nf6 {Strongly threatening ...Nh5.} 52. Ke2 Nh5 {Precision: White = 51%, Black = 47%.} 1/2-1/2

[Event "27th CRO-chT 1B-Men 2018"]
[Site "Biograd"]
[Date "2018.09.21"]
[Round "6.14"]
[White "Rezan, Sasa"]
[Black "Plat, Vojtech"]
[Result "0-1"]
[WhiteElo "2436"]
[BlackElo "2540"]
[Annotator "TA"]
[PlyCount "44"]
[EventDate "2018.09.15"]
[EventType "team-tourn"]
[EventCountry "CRO"]
[SourceTitle "playchess.com"]
[Source "ChessBase"]
[SourceQuality "1"]

{[%evp 12,44,0,-8,0,-7,-2,-16,-17,-13,-14,-18,-11,-13,-10,-5,-5,-70,-25,-35,0,-67,-71,-124,-138,-536,-550,-742,-718,-1941,-1872,-5991,-5979,-29990,-29991]} 1. d4 d6 2. c4 e5 3. Nc3 exd4 4. Qxd4 Nf6 5. Bg5 Be7 6. Nf3 {A21: English Opening: 1...e5 2 Nc3} Nc6 7. Qd2 {LiveBook: 5 Games} Bf5 8. e3 {The position is equal.} Ne4 9. Nxe4 (9. Qd5 {with more complications.} Nxc3 10. Qxf5 Na4 11. Be2 O-O 12. Bxe7 Qxe7 13. O-O) (9. Qd5 Nxg5 10. Qxf5 O-O 11. Nd5 Nxf3+ 12. gxf3 g6 13. Qc2 {½-½ (42) Wang,Y (2585)-Smirin,I (2673) Khanty-Mansiysk 2005}) 9... Bxe4 10. Bxe7 Qxe7 11. Be2 g5 $146 {[%cal Bg7g5,Bg5g4][%mdl 32]} ({Predecessor:} 11... O-O 12. Qc3 a5 13. O-O {½-½ (13) Karolyi,T (2410)-Portisch,F (2420) Hungary 1986}) 12. O-O g4 13. Nd4 Ne5 14. Rfd1 (14. Nb5 $11) 14... Rg8 {[%cal Bh8g8,Bg8g6,Bg6h6][%mdl 32]} 15. Nb5 $1 Rg6 16. Qd4 ({White should try} 16. Nc3 $1 $11 Bc6 17. Nd5 Bxd5 18. cxd5 (18. Qxd5 O-O-O $11)) 16... f5 $1 $15 17. g3 (17. Nc3 $142) 17... Rh6 $17 18. Rd2 $2 {[%mdl 8192]} (18. Nc3 $17 {is more resistant.} Bf3 19. Qf4) 18... a6 $19 19. Na3 Qg5 20. h4 {[#]} Rxh4 $1 {[%mdl 512] ( -> ...Rh1#)} 21. gxh4 Qxh4 {[%csl Ge4][%cal Rh4h1]} 22. f3 gxf3 {Precision: White = 22%, Black = 63%.} 0-1

[Event "27th CRO-chT 1B-Men 2018"]
[Site "Biograd"]
[Date "2018.09.20"]
[Round "6.15"]
[White "Zilka, Stepan"]
[Black "Bilobrk, Franjo"]
[Result "1/2-1/2"]
[WhiteElo "2521"]
[BlackElo "2360"]
[Annotator "TA"]
[PlyCount "66"]
[EventDate "2018.09.15"]
[EventType "team-tourn"]
[EventCountry "CRO"]
[SourceTitle "playchess.com"]
[Source "ChessBase"]
[SourceQuality "1"]

{[%evp 22,66,20,17,33,-29,-15,-17,18,9,5,5,14,19,18,14,15,12,24,24,24,31,42,40,33,0,0,0,7,0,0,-12,0,-70,-63,-71,-79,-51,0,0,0,-47,0,0,0,-55,0]} 1. e4 c5 2. Nf3 d6 3. d4 cxd4 4. Nxd4 Nf6 5. Nc3 a6 6. Be3 e5 7. Nb3 Be6 8. f3 Nbd7 9. Qd2 h5 10. Nd5 {B90: Sicilian Najdorf: Unusual White 6th moves, 6 Be3 Ng4 and 6 Be3 e5} Bxd5 11. exd5 g6 12. c4 {LiveBook: 18 Games. The position is equal.} (12. Be2 Bg7 13. O-O a5 14. a4 O-O 15. Bb5 Qc7 16. c4 b6 17. h3 Nc5 18. Nxc5 bxc5 {½-½ (49) Carlsen,M (2842)-Vachier Lagrave,M (2779) Biel 2018}) 12... a5 {[%cal Ba6a5,Ba5a4][%mdl 32]} 13. Be2 $146 (13. a4 $14) ({Predecessor:} 13. Rc1 a4 14. Na1 Qa5 15. Qxa5 Rxa5 16. Rd1 Bh6 17. Bxh6 Rxh6 {0-1 (41) Zelic,Z (2368)-Saric,I (2618) Mali Losinj 2017}) 13... a4 $11 14. Nc1 Qa5 15. Qxa5 Rxa5 16. Nd3 Bh6 17. Bxh6 Rxh6 18. Kd2 Rh8 19. b4 axb3 20. axb3 Rxa1 21. Rxa1 {[#] Ra8+ is the strong threat.} Ke7 22. Ra7 Rb8 $1 23. f4 exf4 24. Nxf4 Kd8 25. b4 Kc7 26. Ra3 Re8 27. h4 ({Better is} 27. Nh3 $11) 27... Re4 $15 28. g3 Ne5 29. Rc3 Rd4+ 30. Ke3 Re4+ 31. Kd2 Rd4+ 32. Ke3 Re4+ 33. Kd2 {[#]} Rd4+ {Precision: White = 56%, Black = 39%.} (33... b5 $1 $15 {[%mdl 512]} 34. cxb5+ Kb6) 1/2-1/2

[Event "27th CRO-chT 1B-Men 2018"]
[Site "Biograd"]
[Date "2018.09.20"]
[Round "6.16"]
[White "Biliskov, Vjekoslav"]
[Black "Rogulj, Branko"]
[Result "0-1"]
[WhiteElo "2292"]
[BlackElo "2404"]
[Annotator "TA"]
[PlyCount "98"]
[EventDate "2018.09.15"]
[EventType "team-tourn"]
[EventCountry "CRO"]
[SourceTitle "playchess.com"]
[Source "ChessBase"]
[SourceQuality "1"]

{[%evp 25,98,54,53,18,49,25,33,39,43,27,55,44,46,27,56,27,39,0,8,0,0,0,31,23,9,18,26,0,0,0,0,-65,-50,-81,-60,-81,-47,-45,70,0,0,0,0,0,8,-174,-181,-174,-178,-194,-192,-181,-171,-177,-182,-168,-158,-224,-218,-260,-250,-29943,-29944,-12850,-12848,-29944,-29945,-29945,-29946,-29940,-29939,-12850,-12849,-12846,-11264]} 1. d4 Nf6 2. c4 c5 3. d5 e6 4. Nc3 exd5 5. cxd5 d6 6. e4 g6 7. Nf3 Bg7 8. Be2 O-O 9. O-O Bg4 10. Bf4 a6 11. a4 Bxf3 12. Bxf3 Ne8 13. Re1 Nd7 {LiveBook: 7 Games} 14. Qc2 {A75: Modern Benoni: Classical: 9...a6 10 a4 Bg4} (14. Be2 Qc7 15. Bf1 Nef6 16. Qc2 Rfe8 17. h3 Rac8 18. Bh2 c4 19. Kh1 Nc5 20. Rad1 Nfd7 21. Bxc4 Nxa4 22. Qxa4 {½-½ (30) Barus,C (2443)-Ghaem Maghami,E (2606) Jakarta 2011}) 14... Rb8 15. Be2 Qe7 16. Bf1 {White is slightly better.} Nc7 17. Bg3 $146 ({Predecessor:} 17. h3 Rfc8 18. Bh2 b5 19. axb5 axb5 {0-1 (40) Nikolov,S (2419)-Dragiev,V (2469) Teteven 2004}) 17... g5 18. f3 Be5 19. Bxe5 Qxe5 20. g3 Qf6 21. Kg2 Ne5 22. Be2 b5 23. Rf1 Ng6 24. axb5 Nxb5 25. Bxb5 axb5 26. Ra6 c4 27. Nd1 Ra8 28. Rxa8 (28. Rb6 $11) 28... Rxa8 $15 29. Ne3 Ra2 $36 {[%mdl 2048] Black has some pressure.} 30. Rf2 h5 31. Qc3 Qe5 ({Better is} 31... Ne5 $15) 32. Nf5 ({White should play} 32. Qb4 $1 $14) 32... g4 $11 33. Qb4 gxf3+ 34. Kxf3 Ra1 35. Qxb5 $2 (35. Qd2 $11 {and White has nothing to worry.}) 35... Re1 $19 {[%csl Ge1][%cal Re5e4]} 36. Qxc4 {[#] aiming for Qb4.} Qxf5+ $1 37. exf5 Ne5+ 38. Kf4 Nxc4 {[%mdl 4096] Endgame KRN-KR} 39. Kg5 Re5 40. Kxh5 Rxd5 41. g4 (41. Rf4 $17 Nxb2 42. Kh6) 41... Rb5 42. h4 Rxb2 ({Don't play} 42... Nxb2 43. g5 $17) 43. Rxb2 $2 (43. Rf1 $19) 43... Nxb2 {KN-K3P} 44. Kg5 Nd3 45. f6 d5 {[%cal Bd6d5,Bd5d4,Bd4d3,Bd3d2][%mdl 32]} 46. Kf5 d4 47. g5 {[#]} Ne5 $1 {[%mdl 512]} 48. Ke4 (48. Kxe5 d3) 48... d3 49. Ke3 {[#]} d2 $1 {Precision: White = 28%, Black = 63%.} 0-1

[Event "27th CRO-chT 1B-Men 2018"]
[Site "Biograd"]
[Date "2018.09.20"]
[Round "6.17"]
[White "Vujakovic, Branko"]
[Black "Zelic, Mladen"]
[Result "1/2-1/2"]
[WhiteElo "2340"]
[BlackElo "2266"]
[Annotator "NA"]
[PlyCount "52"]
[EventDate "2018.09.15"]
[EventType "team-tourn"]
[EventCountry "CRO"]
[SourceTitle "playchess.com"]
[Source "ChessBase"]
[SourceQuality "1"]
[TimeControl "40/5400+30:1800+30"]

{[%evp 12,46,23,6,18,32767,32767,32767,32767,37,32,33,29,32,16,-15,-21,32767,32767,32767,32767,32767,32767,32767,32767,-68,24,20,16,0,46,44,52,41,50,0,0]} 1. e4 {[%emt 0:00:30]} e5 {[%emt 0:00:30]} 2. Nf3 {[%emt 0:00:00]} Nc6 {[%emt 0:00:00]} 3. Bb5 {[%emt 0:00:00]} f5 {[%emt 0:00:00]} 4. d4 {[%emt 0:00:30]} fxe4 {[%emt 0:00:30]} 5. Bxc6 {[%emt 0:00:00]} dxc6 {[%emt 0:00:30]} 6. Nxe5 {[%emt 0:00:00]} Nf6 {[%emt 0:00:00]} 7. Nc3 {[%emt 0:00:30] LiveBook: 4 Games C63: Ruy Lopez: Schliemann/Jaenisch Defence} Bd6 {[%emt 0:04:00]} (7... Bb4 8. O-O O-O 9. Bg5 Qe8 10. Qe2 Bxc3 11. bxc3 h6 12. Bxf6 gxf6 13. Nc4 Qg6 14. Rae1 Bf5 {1-0 (24) Short,N (2664)-Schebler,G (2451) Pattaya 2015}) 8. Bg5 {[%emt 0:00:30]} O-O {[%emt 0:08:30]} 9. Qe2 {[%emt 0:04:30]} Qe8 {[%emt 0:03:30]} 10. Bxf6 {[%emt 0:03:30]} ({Much weaker is} 10. Nxe4 Nxe4 11. Qxe4 Bf5 $15) 10... gxf6 {[%emt 0:00:30]} 11. Nc4 {[%emt 0:00:00]} f5 {[%emt 0:02:30]} 12. Nxd6 $146 {[%emt 0:00:00]} ({Predecessor:} 12. O-O-O b5 13. Nxd6 cxd6 14. Qe3 f4 15. Qxe4 {1-0 (47) Gao,R (2442)-Yang,K (2374) Beijing 2012}) 12... cxd6 {[%emt 0:00:30]} 13. Qe3 {[%emt 0:00:30]} f4 $1 {[%emt 0:04:30]} 14. Qe2 {[%emt 0:03:30]} d5 {[%emt 0:00:30]} 15. O-O-O {[%emt 0:01:30]} Qg6 {[%emt 0:04:30]} 16. f3 {[%emt 0:09:30]} Bf5 {[%emt 0:02:30]} 17. Rde1 {[%emt 0:05:30]} Rae8 {[%emt 0:01:30]} 18. Rhf1 {[%emt 0:21:30]} Kh8 {[%emt 0:09:30]} (18... Qg5 $15) 19. fxe4 {[%emt 0:06:30]} Bxe4 {[%emt 0:00:30]} 20. Qd2 {[%emt 0:00:30]} Qd6 {[%emt 0:19:30]} 21. Rf2 {[%emt 0:01:30]} Re6 {[%emt 0:02:30]} 22. Ref1 {[%emt 0:03:30]} Ref6 {[%emt 0:00:30]} 23. Ne2 {[%emt 0:07:30]} Bxg2 $11 {[%emt 0:05:30]} 24. Rxg2 {[%emt 0:00:30]} f3 {[%emt 0:01:30]} 25. Rgf2 {[%emt 0:00:30]} fxe2 {[%emt 0:00:00]} 26. Qxe2 {[%emt 0:00:00]} Rxf2 {[%emt 0:01:00]} 1/2-1/2

[Event "27th CRO-chT 1B-Men 2018"]
[Site "Biograd"]
[Date "2018.09.20"]
[Round "6.18"]
[White "Jusic, Zdenko"]
[Black "Blazeka, Matej"]
[Result "0-1"]
[WhiteElo "2261"]
[BlackElo "2354"]
[Annotator "TA"]
[PlyCount "62"]
[EventDate "2018.09.15"]
[EventType "team-tourn"]
[EventCountry "CRO"]
[SourceTitle "playchess.com"]
[Source "ChessBase"]
[SourceQuality "1"]

{[%evp 10,62,26,18,27,12,19,20,11,-8,0,-13,-21,-18,-10,-10,-11,-34,-21,-9,-25,-19,-29,-29,0,-209,-215,-221,-221,-215,-213,-214,-220,-755,-188,-829,-420,-417,-375,-362,-327,-392,-274,-408,-385,-560,-614,-908,-908,-908,-908,-871,-858,-29992,-29993]} 1. e4 c5 2. Nf3 Nc6 3. Bb5 e6 4. O-O Nge7 5. Re1 Nd4 6. a4 {LiveBook: 6 Games. B30: Sicilian: 2...Nc6 3 Bb5, lines without ...g6} (6. Nxd4 cxd4 7. d3 a6 8. Ba4 b5 9. Bb3 Bb7 10. Bg5 Qc7 11. Bh4 Ng6 12. Bg3 Bd6 13. c3 Qb6 14. Qh5 Rc8 {½-½ (22) Jones,G (2675)-Iturrizaga Bonelli,E (2624) Dubai 2018}) 6... a6 7. Bf1 Nec6 8. Nxd4 {The position is equal.} cxd4 9. Na3 $146 ({Predecessor:} 9. c3 Be7 10. b4 O-O 11. Na3 dxc3 12. dxc3 Bf6 13. Qb3 d5 {½-½ (35) Babic,D (2463)-Wenzel,S (2436) GER email 2016}) 9... Bc5 10. Qh5 d6 11. c3 O-O $36 {[%mdl 2048] White should prevent ...f5. Black fights for an advantage.} 12. b4 Ba7 {Threatening ...Qf6.} 13. b5 Ne5 {[#] Hoping for ...d3.} 14. Nc2 d3 15. Nd4 axb5 16. axb5 f5 (16... Bd7 {looks sharper.} 17. Ba3 g6 18. Qh3 Bc5 19. Bxc5 dxc5 20. Nf3 Nxf3+ 21. Qxf3 c4) 17. exf5 $2 {[#]} (17. b6 $1 $11 {and White is okay.} g6 18. Qh3 Qxb6 19. exf5) 17... Bxd4 $1 $19 18. Rxa8 Bxf2+ $1 19. Kxf2 Rxf5+ 20. Qxf5 exf5 21. h3 $2 (21. g3 Kf7 22. Ra4) 21... Kf7 $2 (21... Qb6+ 22. Re3 f4 23. Rxc8+ Kf7) 22. g3 $2 (22. Ra4 Qb6+ 23. Rd4) 22... Qb6+ 23. Re3 Bd7 24. Ra4 Bxb5 25. Rd4 Qc5 26. Bg2 (26. g4 $142) 26... Bc6 27. Bf1 (27. Bxc6 $142 Qxc6 28. Ba3) 27... Be4 28. Bg2 Bxg2 29. Kxg2 Qc6+ 30. Kf2 Qh1 31. Re1 Qf3+ {Precision: White = 35%, Black = 55%.} 0-1